00412 2200169 4500001002100000008004100021035002000062245003500082100001400117260002400131300001800155020002200173084001400195082000800209650001000217990001500227INLIS000000000003247 ind  a0010-1225000068 aJakarta Sebelum PagicZiggy Z. aZ., Ziggy aJakarta :bGrasindo a258c13x19 cm a978-602-05-3137-3 a813 ZIG j a813 aFiksi a19722/B/26